BIBLIOTECA

SENCICO

Guía de agente capacitador (Registro nro. 3025)

Detalles MARC
000 -LEADER
fixed length control field 00626nam a2200181Ia 4500
005 - DATE AND TIME OF LATEST TRANSACTION
control field 20251020182600.0
008 - FIXED-LENGTH DATA ELEMENTS--GENERAL INFORMATION
fixed length control field 200515s9999 xx 000 0 und d
082 ## - DEWEY DECIMAL CLASSIFICATION NUMBER
Classification number SC/331.86(85)/F75
110 ## - MAIN ENTRY--CORPORATE NAME
Corporate name or jurisdiction name as entry element Foncodes
245 #0 - TITLE STATEMENT
Title Guía de agente capacitador
260 ## - PUBLICATION, DISTRIBUTION, ETC.
Place of publication, distribution, etc. Lima
260 ## - PUBLICATION, DISTRIBUTION, ETC.
Date of publication, distribution, etc. 1999
300 ## - PHYSICAL DESCRIPTION
Extent 104
520 ## - SUMMARY, ETC.
Summary, etc. Tiene como objetivo precisar las acciones de capacitación de los Agentes Capacitadores, lo que constituirá una valiosa herramienta de trabajo que facilitará la labor de capacitación en las diferentes líneas
650 ## - SUBJECT ADDED ENTRY--TOPICAL TERM
Topical term or geographic name entry element FORMACION DE FORMADORES
650 ## - SUBJECT ADDED ENTRY--TOPICAL TERM
Topical term or geographic name entry element FORMACION PROFESIONAL
942 ## - ADDED ENTRY ELEMENTS (KOHA)
Koha item type Libros
Existencias
Fecha de la última vez que lo usaron Pago total Signatura topográfica completa Código de barras Precio efectivo desde Tipo de documento Estado perdido Estado dañado No es para préstamo Retirado Ubicación permanente Ubicación actual Fecha de adquisición
15/05/2020   SC/331.86(85)/F75 Bib-Lima15053025 15/05/2020 Libros         Biblioteca Central Lima Biblioteca Central Lima 15/05/2020